000
00280nam a2200109Ia 4500
008
200302s9999 xx 000 0 und d
100
_a
Jan Turnovsky & Other
245
_a
The Poetics of A Wall ProJection
260
_b
Architectural Association
260
_c
2009
300
_a
126 P.,
999
_c
2673
_d
2673